| 000 | 00558nam a22001697a 4500 | ||
|---|---|---|---|
| 005 | 20251108174605.0 | ||
| 008 | 250721s2008 xx 000 0 ara d | ||
| 082 | 1 | 4 | _a920.71/ملك |
| 100 | 1 |
_aملكاوي، فوزي علي شهاب _eمؤلف |
|
| 245 | 1 | 0 | _aشخصيات أردنية و حفريات في تكوين الحب و تشكيله تحت مظلة الإسلام / |
| 264 | 1 |
_aعمان : _bمطبعة الشعب، _c2008. |
|
| 300 | _aج.1. | ||
| 650 | 1 | 7 | _aالتراجم |
| 650 | 1 | 7 | _aالاسلام |
| 942 |
_2ddc _cBK |
||
| 999 |
_c113006 _d113006 |
||